000 00453nam a2200181Ia 4500
001 16219
005 20260306170253.0
008 260306t2010||||xx |||||||||||||| ||und||
041 _aESP
082 _a347.5
_bI59
100 _aNorthcote Sandoval, Cristhian
_eAUT
245 0 _aGuía de operaciones societarias y comerciales
260 _c2010
300 _a316 páginas :
_c24 cm.
650 _aGEN
654 _aCDE
942 _cLIB
_dJUS
_fJUS
_2ddc
_n
999 _c16219
_d16219